Statistics for Top 10 Countries In... #2

Click here to take the quiz!

General Stats

  • This quiz has been taken 21 times
  • The average score is 5 of 10

Answer Stats

HintAnswer% Correct
#1Monaco
90%
#4Vatican City
90%
#2Singapore
81%
#3Bahrain
57%
#6Malta
57%
#7Bangladesh
52%
#5Maldives
43%
#9Taiwan
33%
#10Lebanon
14%
#8Palestine
0%

Score Distribution

Percentile by Number Answered

Percent of People with Each Score

Your Score History

You have not taken this quiz